Organizacija mašinnoj obrabotki ekonomičeskoj informacii v promyšlennosti
Guardado en:
| Autor principal: | |
|---|---|
| Otros Autores: | , |
| Formato: | Libro |
| Lenguaje: | ruso |
| Publicado: |
Kijev
Vysša škola
1984
|
| Etiquetas: |
Sin Etiquetas, Sea el primero en etiquetar este registro!
|
MARC
| LEADER | 00000nam a2200000 4500 | ||
|---|---|---|---|
| 001 | c105615 | ||
| 005 | 20041019155135.0 | ||
| 041 | 0 | |a rus | |
| 044 | |a UA | ||
| 245 | 1 | 0 | |a Organizacija mašinnoj obrabotki ekonomičeskoj informacii v promyšlennosti |c Nikolaj Grifor'jevič Tverdochleb, Nikolaj Ivanovič Tatarčuk, Miron A. Sendzjuk |
| 264 | 1 | |a Kijev |b Vysša škola |c 1984 | |
| 300 | |a 415 s. | ||
| 100 | 1 | |a Tverdochleb, Nikolaj Grigor'jevič | |
| 700 | 1 | |a Tatarčuk, Nikolaj Ivanovič | |
| 700 | 1 | |a Sendzjuk, Miron A. | |